| 000 | 00689nam a2200181 a 4500 | ||
|---|---|---|---|
| 008 | 120416s1990 ||||||||||||||||| || u | ||
| 020 | _a0408031891 | ||
| 050 | _aRA 967 Cox | ||
| 100 | _aCox, Anthony | ||
| 245 | 1 | 0 | _aHospitals and health-care facilities: a design and development guide |
| 260 |
_aLondon: _bButterworth Architecture _c1990 |
||
| 300 | _avii, 165p. : ill. | ||
| 350 | _a0.00 | ||
| 650 | _aHOSPITAL DESIGN AND CONSTRUCTION | ||
| 650 | _aHEALTH FACILITIES--DESIGN AND CONSTRUCTION | ||
| 650 | _aHEALTH FACILITIES | ||
| 995 |
_D0.00 _FCBU-MAIN LIBRARY (Kitwe) _H1 _I45.50 _UAVAILABLE _ZMain Library Open Access Collection |
||
| 999 |
_c45675 _d45675 |
||